000 00558aas a22001814i 4500
999 _c49667
_d49667
001 768714001
003 CO-MdFUSB
005 20180410102028.0
008 170428s1993 sp ||||| |||| 00| 0 spa d
040 _aCO-MdFUSB
_bspa
_cCO-MdFUSB
_dCO-MdFUSB
041 _aspa
100 1 _aStott, John
_eautor
245 0 0 _aLa autoridad de las Escrituras
300 _aVolumen 1, (1993) páginas 5 - 17
_c: 21 cm.
650 0 _9360
_aBiblia
_bEvidencias, autoridad, etc.
773 0 _tAndamio
_049451
_960451
_gVolumen 1, (1993) páginas 5 - 17
_qPágina 5
942 _cANA